000
00332nam a2200133Ia 4500
008
220204s9999 xx 000 0 und d
082
_a
331.101.26
_b
REE
100
_a
REES, Albert
245
0
_a
Economics of work and pay
260
_a
London
_b
Harper
_c
1973
650
_a
Labour economics
650
_a
Wage structure
942
_c
BK
999
_c
27310
_d
27310